Öykülerde İstanbul (Record no. 1887)

MARC details
000 -BAŞLIK
Sabit Uzunlukta Kontrol Alanı 00743na a2200253 4500
001 - KONTROL NUMARASI
Denetim Alanı 14837
003 - KONTROL NUMARASI IDENTIFIER
Denetim Alanı MIRAKIL
005 - SON İŞLEM TARİHİ VE ZAMANI
Denetim Alanı 20181213154838.0
008 - SABİT-BOY VERİ ELEMANLARI - GENEL BİLGİLER
Sabit Uzunlukta Kontrol Alanı 161028b tu 000 0
020 ## - ULUSLARARASI STANDART KİTAP NUMARASI
Uluslararası Standart Kitap Numarası 9754582467
035 ## - SİSTEM KONTROL NUMARASI
Sistem Kontrol Numarası 14837
040 ## - KATALOGLAMA KAYNAK
Orijinal Kataloglama Ajansı Milas
Kataloglama Dili tur
Metne Dönüştürmek Ajansı TR-AnCHP
041 ## - DİL KODU
Metin / Ses Parça Veya Ayrı Başlığın Dil Kodu tur
082 ## - DEWEY ONLU SINIFLANDIRMA NUMARASI
Sınıflandırma Numarası 813.42
Ürün Numarası Ö94 2000
090 ## - SINIFLAMA NUMARASI
Sınıflama Numarası 813.42 Ö94 2000
245 ## - BAŞLIK TABLOSU
Başlık Öykülerde İstanbul
Sorumluluk Tablosu, Vb hazırlayan Semih Gümüş
260 ## - YAYIN, DAĞITIM, VB
Yayın, Dağıtım, Vb Yeri İstanbul
Yayıncı, Dağıtıcı, Vs Adı Türkiye İş Bankası Kültür Yayınları
Yayın, Dağıtım, Vb Tarihi 2000
300 ## - FİZİKSEL TANIM
Kapsam 428 s.
Boyutlar 20 sm.
440 ## - SERİSİ TABLOSU / KATMA GİRİŞİ - BAŞLIK
Başlık Türkiye İş Bankası Kültür yayınları
Hacim / Ardışık Tanımı 490
490 ## - SERİSİ TABLOSU
Seri Beyanı Edebiyat dizisi
Hacim / Ardışık Tanımı 137
650 ## - KONU KATMA GİRİŞ - TOPİKAL DÖNEM
Topikal Süreli Veya Coğrafi Ad Giriş Elemanı Türk edebiyatı
Genel Alt Bölümü Türkçe hikayeler
Coğrafi Alt Bölümü İstanbul
700 ## - KATMA GİRİŞ - KİŞİSEL İSİM
Kişisel Ad Gümüş, Semih
942 ## - EKLENDİ GİRİŞ ELEMANLARI (KOHA)
Sınıflandırma Veya Raf Düzeni Kaynak Dewey Decimal Classification
Koha Öğesi Türü Books
999 ## - SİSTEM KONTROL NUMARALARI (KOHA)
Koha Biblionumber 1887
Koha Biblioitemnumber 1887
Holdings
Kalıcı Konum Mevcut Konum Edinme Tarihi Edinim Kaynak Toplam Check-Out'Lar Tam Çağrı Numarası Barkod Tarih Son Görülme İtibaren Geçerli Fiyatlar Koha Öğesi Türü
CHP Kütüphanesi CHP Kütüphanesi 09/01/2016 Bağış   813.42 Ö94 2000 002219 09/01/2016 09/01/2016 Books